Chemický priemysel na Slovensku je takmer celý v súkromných rukách

Proces privatizácie podnikov chemického a farmaceutického priemyslu na Slovensku. Vytvorenie spoločných podnikov so zahraničnými firmami, kupónová privatizácia, priame predaje. Účasť zahraničného kapitálu v chemickom priemysle.

Na minha lista:
Detalhes bibliográficos
Autor principal: Hajko, J.
Formato: Capítulo de Livro
Idioma:eslovaco
Assuntos:
Tags: Adicionar Tag
Sem tags, seja o primeiro a adicionar uma tag!

MARC

LEADER 00000naa a2200000 4500
001 r027304
005 20230921081219.5
041 0 |a slo 
044 |a SK 
245 1 0 |a Chemický priemysel na Slovensku je takmer celý v súkromných rukách  |c J. Hajko 
520 |a Proces privatizácie podnikov chemického a farmaceutického priemyslu na Slovensku. Vytvorenie spoločných podnikov so zahraničnými firmami, kupónová privatizácia, priame predaje. Účasť zahraničného kapitálu v chemickom priemysle. 
610 2 0 |a priemysel chemický 
610 2 0 |a priemysel farmaceutický 
610 2 0 |a privatizácia 
610 2 0 |a predaj priamy 
610 2 0 |a podnik súkromný 
610 2 0 |a podnik spoločný 
610 2 0 |a kapitál zahraničný 
610 2 0 |a Slovensko 
100 1 |a Hajko, J.